LEADER 01199nam a2200289 i 4500 001 000000107780 003 CaOOAMICUS 005 20071022125716.0 008 071022s2007 it b u000 u ita c 020 $a88-8333-122-2 020 $z978-88-8333-122-0* 040 $aUSC$bita$dALB$dPUL$dLDB 100 1 $aPérez de Laborda, Miguel.$0(OLS)http://pul/name/66124 245 10$aIntroduzione alla filosofia analitica /$cMiguel Pérez de Laborda. 260 $aRoma :$bEDUSC,$cc2007. 300 $a254 p. ;$c23 cm. 490 1 $aProspettive filosofiche ;$v006 504 $aBibliografia: p. 245-254. 650 14$aFilosofia analitica.$0(OLS)http://pul/subject/33614 830 0$aProspettive filosofiche ;$v006.$0(OLS)http://pul/title/132122 850 $aPUL 852 $aPUL$W1$xSL Filosofia 3$y81$m146. 4 PERMI 1$j122574$qDDC 21$B121556$CPULBib$Z2$F121556 $H105159 $82 941 1 $a9 996 $6020$a88-8333-122-2$9(OLS)http://pul/number/136012 996 $6020$z978-88-8333-122-0*$9(OLS)http://pul/number/136013 996 $6245$aIntroduzione alla filosofia analitica$9(OLS)http://pul/title/135710 996 $6260$aRoma :$bEDUSC$9(OLS)http://pul/publisher/79480 LEADER 01632nam a2200313 a 4500 001 000000112756 003 CaOOAMICUS 005 20150610142531.0 008 080717s2008 vc 000 u ita r 020 $z978-88-465-0621-4* 040 $aPUL$bita$dLDB 245 00$aSacramentum caritatis :$bstudi e commenti sull'Esortazione Apostolica postsinodale di Benedetto XVI /$cRoberto Nardin, Giovanni Tangorra (edd.) 260 $aCittŕ del Vaticano :$bLateran University Press,$cc2008. 300 $a830 p.$c24 cm 490 1 $aDibattito per il millennio ;$v011 500 $aIndice : p. 805-830. 504 $aBibliografia : p. 775-804. 610 24$aPapi (2005-2013 : Benedictus XVI)$tSacramentum caritatis$xCommenti.$0(OLS)http://pul/subject/33783 700 1 $aNardin, Roberto,$cO.S.B.,$d1962-$0(OLS)http://pul/name/49794 700 1 $aTangorra, Giovanni,$csac.$0(OLS)http://pul/name/39773 830 0$aDibattito per il millennio ;$v011.$0(OLS)http://pul/title/108982 850 $aPUL 852 $aPUL$W1$xDP1 Fondo S. Lanza$y121$m3 B 17$j84737$qFondi$B166490$CPULBib$Z2$F166490 $HLAN 978 $82 852 $aPUL$W1$xSL Diritto Canonico 3$y77$m262. 9 NARRO 1$j128974$qDDC 21$q $B127957$CPULBib$Z2$F127957 $H108062 $81 941 1 $a9 941 1 $a1 996 $6020$z978-88-465-0621-4*$9(OLS)http://pul/number/138498 996 $6245$aSacramentum caritatis :$bstudi e commenti sull'Esortazione Apostolica postsinodale di Benedetto XVI$9(OLS)http://pul/title/141724 996 $6260$aCittŕ del Vaticano :$bLateran University Press$9(OLS)http://pul/publisher/74585